| 000 | 00701nam a22002057a 4500 | ||
|---|---|---|---|
| 999 |
_c9403 _d9403 |
||
| 003 | AR-CdUCM | ||
| 008 | 190327b ||||| |||| 00| 0 spa d | ||
| 040 |
_aMUNICIPALIDAD PROVINCIAL DEL CUSCO _cBIBLIOTECA MUNICIPAL DEL CUSCO |
||
| 082 |
_a119.61 / _bZ98 |
||
| 100 |
_aZweig, Stefan _910851 |
||
| 245 | _aErasmo / | ||
| 260 |
_aSantiago de Chile : _bErcilla, _c1936. |
||
| 300 |
_a131 paginas ; _c18 cm. |
||
| 500 | _aDonación familia Nieto. | ||
| 505 | _aContenido :Los designios del hombre y su significado -- Una ojeada a la época -- Juventud obscura -- Retrato -- Años de celebración ... | ||
| 650 |
_aFilósofos _9827 |
||
| 650 |
_aBiografía. _922 |
||
| 942 |
_2ddc _cLIBROS |
||
| 945 | _arum | ||